Cuida't les dents : petit manual dels supersomriures / petit manual dels supersomriures /
Publicado:
Barcelona :
Diputació de Barcelona, Àrea d'Atenció a les Persones, Servei de Salut Pública ,
2015
Descripción Física:
10 pàgines : il·lustracions ; 30 cm
Otros Autores:
Sales, Jordi (Sales i Roqueta)
Materias:
Dents -- Cura i higiene -- Educació primària
; Boca -- Cura i higiene -- Educació primària
Idioma:
Catalán
MARC
| LEADER | 00000nam a22000007a 4500 | ||
|---|---|---|---|
| 001 | 26271 | ||
| 003 | Arxiu | ||
| 005 | 20260324181130.0 | ||
| 008 | 220718b spa||||| |||| 00| 0 cat d | ||
| 017 | |a DL B 8112-2015 | ||
| 080 | |a FU-72-17 | ||
| 245 | 0 | 0 | |a Cuida't les dents : |b petit manual dels supersomriures / |c il·lustracions: Jordi Sales |
| 260 | |a Barcelona : |b Diputació de Barcelona, Àrea d'Atenció a les Persones, Servei de Salut Pública, |c 2015 | ||
| 300 | |a 10 pàgines : |b il·lustracions ; |c 30 cm | ||
| 650 | 0 | |9 49586 |a Dents |x Cura i higiene |x Educació primària | |
| 650 | 0 | |9 49585 |a Boca |x Cura i higiene |x Educació primària | |
| 700 | |9 50286 |a Sales, Jordi |e il·lustrador |q (Sales i Roqueta) | ||
| 710 | |a Barcelona (Catalunya : Província). |b Servei de Salut Pública |9 52202 | ||
| 942 | |2 udc |n 1 |c ARXIU | ||
| 952 | |0 0 |1 0 |4 0 |6 FU7217 |7 1 |9 62803 |a Arxiu |b Arxiu |d 2022-07-18 |l 0 |o FU-72-17 |p 26271 |r 2022-07-18 00:00:00 |w 2022-07-18 |y ARXIU | ||
| 999 | |c 82292 |d 82292 | ||